000 00617cam a2200145 4500500
005 20260208010607.0
041 _afre
042 _adc
100 1 0 _aDubray, Jean
_eauthor
245 0 0 _aPierre V. Zima, La négation esthétique. Le sujet, le beau et le sublime de Mallarmé et Valéry à Adorno et Lyotard, Paris, L’Harmattan, 2002, 268 p., 22 E.
260 _c2006.
500 _a29
786 0 _nRevue philosophique de la France et de l'étranger | 131 | 1 | 2006-03-01 | p. 77zz-138zz | 0035-3833
856 4 1 _uhttps://shs.cairn.info/revue-philosophique-2006-1-page-77zz?lang=fr&redirect-ssocas=7080
999 _c1657277
_d1657277